La responsabilidad internacional agravada del Estado colombiano

Detalles Bibliográficos
Autor principal: Figueroa Bastidas, Gabriel Ernesto
Formato: eBook
Lenguaje:español
Publicado: Bogot:̀ Editorial Universidad de Rosario (Colombia), 2016
Materias:
Acceso en línea:Acceso restringido

MARC

LEADER 00000nam a22000007a 4500
005 20161209171715.0
007 cr|||| ||||
008 161209s2016 co |||||s|||| 00||0 spa d
020 |a 978-958-738-722-3 
035 |a 14601 
040 |a vLex 
090 |c 6447  |d 6447 
100 1 |a Figueroa Bastidas, Gabriel Ernesto 
245 1 2 |a La responsabilidad internacional agravada del Estado colombiano  |h [Recurso electrn̤ico] /  |c Gabriel Ernesto Figueroa Bastidas 
256 |a Servicio en ln̕ea 
260 |a Bogot:̀  |b Editorial Universidad de Rosario (Colombia),  |c 2016 
300 |a 1 recurso electrn̤ico 
500 |a Compatibilidad y concurrencia de los regm̕enes de responsabilidad del Estado, m̀bitos internacional, regional e interno sobre violaciones graves a derechos humanos. 
506 1 |a Disponible solo en los productos indicados  |d vLex Global  |d vLex Global (Academic Edition, excluding Law Schools)  |d vLex Global (U.S. Academic Edition, Law Schools)  |d vLex Global (U.S. Academic Edition, excluding Law Schools)  |d vLex Global (Academic Edition, Law Schools) 
650 0 4 |a Derecho Internacional  |z Colombia 
740 0 |a vLex Libros (Servicio en ln̕ea) 
856 4 0 |u http://vlex.com/source/responsabilidad-internacional-agravada-estado-colombiano-14601  |z Acceso restringido 
942 |c BOOK 
999 0 |a International Law